logo

Bir Sreshtho Munshi Abdur Rouf Library
Jhenaidah Cadet College

চলমান ইতিহাস : (Record no. 7188)

MARC details
000 -LEADER
fixed length control field 02842nam a2200241 a 4500
001 - CONTROL NUMBER
JCCL Control Number 7188
003 - CONTROL NUMBER IDENTIFIER
JCCL marc code BD-JhCC
005 - DATE AND TIME OF LATEST TRANSACTION
control field 20190801134015.0
008 - FIXED-LENGTH DATA ELEMENTS--GENERAL INFORMATION
fixed length control field 171220s2009 bg |||| ||a| 001 0 ben d
020 ## - INTERNATIONAL STANDARD BOOK NUMBER
International Standard Book Number 9789848815403
035 ## - SYSTEM CONTROL NUMBER
system control number (BD-JhCC)7188
040 ## - CATALOGING SOURCE
Original cataloging agency BD-JhCC
Modifying agency BD-JhCC
041 ## - LANGUAGE CODE
Language code of Book ben
082 ## - DEWEY DECIMAL CLASSIFICATION NUMBER
Classification number 920
Author mark and Year AHM 2009
100 ## - MAIN ENTRY--PERSONAL NAME
Personal name আহমদ, মওদুদ
245 ## - TITLE STATEMENT
Title চলমান ইতিহাস :
Remainder of title জীবনের কিছু সময় কিছু কথা ১৯৮৩-১৯৯০ /
Statement of responsibility, etc মওদুদ আহমদ
260 ## - PUBLICATION, DISTRIBUTION, ETC. (IMPRINT)
Place of publication, distribution, etc ঢাকা :
Name of publisher, distributor, etc দি ইউনিভার্সিটি প্রেস লিমিটেড,
Date of publication, distribution, etc 2009.
300 ## - PHYSICAL DESCRIPTION
Pagination 534 p. :
Dimensions 22 cm.
520 ## - SUMMARY, ETC.
Summary, etc বাংলাদেশের রাজনীতিতে পঞ্চাশ বছরেরও অধিককাল সক্রিয়ভাবে উপস্থিত এক রাজনীতিকের জীবনের কিছুটা কালের পরিচয় তুলে ধরেছে এ বইটি। কখনো নন্দিত, কখনো নিন্দিত, প্রচুর চড়াই-উৎরাই পার হওয়া এই পোড়খাওয়া রাজনীতিকের জীবনকাহিনী রাজনীতিতে সদা কৌতূহলী এদেশের জনগণের কাছে আগ্রহের বিষয় হবে বৈকি। এই বইটির ফোকাস যদিও ১৯৮৩ থেকে ১৯৯০ সাল, কারাজীবন থেকে যার শুরু, তবে আত্মজীবনীর ক্ষেত্রে যা হয়, এখানেও তা-ই হয়েছে। লেখক প্রসঙ্গক্রমে কাহিনীর ডালপালা কখনো অতীতে এবং কখনো সামনে বিস্তৃত করেছেন। রাজনীতিকের রচনায় রাজনীতি তো থাকবেই, কিন্তু ব্যক্তিজীবন, তার ছোট-বড় সুখ-দুঃখ, দেশী-বিদেশী পরমাত্মীয়, বন্ধু-বান্ধব, স্বদেশ নিয়ে ভাবনা - এরকম নানা প্রসঙ্গ পাঠকের মনকে ছুঁয়ে ছুঁয়ে যায়। রাজনীতিকদের আত্মজীবনীর প্রাদুর্ভাবের এই দেশে বইটি একটি উল্লেখযোগ্য সংযোজন হবে বলে আশা করা যায়।
650 ## - SUBJECT ADDED ENTRY--TOPICAL TERM
Topical term or geographic name as entry element Politicians
General subdivision Biography
Geographic subdivision Bangladesh
942 ## - ADDED ENTRY ELEMENTS (KOHA)
Source of classification or shelving scheme Dewey Decimal Classification
Koha item type Books
Koha issues (borrowed), all copies 1
Holdings
Source of classification or shelving scheme Damaged status Not for loan Home library Current library Shelving location Date of accession Cost, normal purchase price Total Checkouts Full call number Barcode Date last seen Date checked out Copy number Koha item type
Dewey Decimal Classification     JCC Rouf Library JCC Rouf Library General Stacks 02/06/2018 500.00 1 920 AHM 2009 9747 08/01/2019 07/31/2019 C-1 Books

JCC Library | Contacts | JCC Home

Last Update on 23 September 2017
Copyright @ 2017-2020 JCC Rouf Library
Rouf Library, Jhenidah Cadet College (JCC), Bangladesh